El Non Bis in Idem en México /

Colección sobre los delitos en el marco del derecho mexicano. En la presente obra se aborda el principio de que nadie puede ser juzgado, castigado o perseguido dos veces por el mismo delito (en latín "Non Bis In Idem") en México. Contiene: 1) Historia del Principio Non Bis In Idem; 2) Aproximación a...

詳細記述

保存先:
書誌詳細
第一著者: Haro Goñi, Alfredo (autor)
フォーマット: 図書
言語:スペイン語
出版事項: México : Tirant Lo Blanch, 2012, c2012
シリーズ:(Los Delitos) [s.n.]
主題:
タグ: タグ追加
タグなし, このレコードへの初めてのタグを付けませんか!

MARC

LEADER 00000nam^a2200000^a^4500
001 000327648
005 20250521000000.0
009 20260310113844.253
020 |a 978-84-9004-507-7 
037 |a Acervo ITESO - Biblioteca 
041 |a ESP 
082 |a 345. 7202  |b DEL V. 2 
100 |a Haro Goñi, Alfredo  |e (autor) 
245 1 3 |a El Non Bis in Idem en México /  |c A. Haro Goñi. 
264 4 |a México :  |b Tirant Lo Blanch,  |c 2012, c2012 
300 |a 117 p. 
336 |a texto  |b txt  |2 rdacontenido 
337 |a sin mediación  |b n  |2 rdamedio 
338 |a volumen  |b nc  |2 rdasoporte 
440 5 |a (Los Delitos) [s.n.] 
520 |a Colección sobre los delitos en el marco del derecho mexicano. En la presente obra se aborda el principio de que nadie puede ser juzgado, castigado o perseguido dos veces por el mismo delito (en latín "Non Bis In Idem") en México. Contiene: 1) Historia del Principio Non Bis In Idem; 2) Aproximación al Principio Non Bis In Idem; 3) La Reapertura de la Averiguación Previa; 4) Sanciones Administrativas, Penales y Civiles; 5) Bibliografía. 
649 |a XX 
650 |a Non Bis in Idem -  |x Tema Principal 
650 |a Delitos -  |z México 
650 |a Derecho Procesal Penal -  |z México 
650 |a Derecho Penal -  |z México 
650 |a Derecho Público -  |z México 
910 |a Fondo General 
920 |a Impresos - Libros 
930 |a Colección General 
905 |a 101 
901 |a 0500217122  |b IT1  |c ACC  |i C133427  |u 20250521 
902 |a https://opac.biblio.iteso.mx/vufind/Record/000327648